| 000 | 01380cam a22002891i 4500 | ||
|---|---|---|---|
| 003 | SA-RiAUC | ||
| 005 | 20241104145449.0 | ||
| 008 | 241103s1993 ye g 000 0 ara c | ||
| 040 |
_aSA-JeALM _bara _cSA-RiAUC. _erda |
||
| 050 | 4 | _bA81993 | |
| 082 | 0 | 4 |
_a251 _qSA-RiAUC |
| 090 |
_a251 _b ا س ن |
||
| 100 | 1 |
_aالإسنوي، عبد الرحيم بن الحسن بن علي، _d704-772 هجري _eمؤلف. |
|
| 245 | 1 | 0 |
_aزوائد الأصول على منهاج الوصول إلى علم الأصول / _cتأليف جمال الدين عبد الرحمن بن الحسن الإسنوي ؛ تحقيق حمد سنان سيف الجلالي. |
| 250 | _aالطبعة الأولى. | ||
| 264 | 1 |
_aصنعاء : _bمكتبة الجيل الجديد، _c1993 |
|
| 300 |
_a509 صفحة ؛ _c24 سم |
||
| 336 |
_aنص _btxt _2rdacontent _3كتاب |
||
| 337 |
_aبدون وسيط _bn _2rdamedia |
||
| 338 |
_aمجلد _bnc _2rdacarrier |
||
| 650 | 7 |
_aأصول الفقه الإسلامي _2aucsh |
|
| 700 | 1 |
_aالجلال، محمد سنان سيف، _d1959- _eمحقق. |
|
| 700 | 1 | 2 |
_aالبيضاوي، عبد الله بن عمر بن محمد، _dتوفي 685 هجري. _tمنهاج الوصول إلى علم الأصول. |
| 740 | 0 | 2 | _aمنهاج الوصول إلى علم الأصول. |
| 942 |
_2ddc _cBOOK _n0 |
||
| 949 |
_aSA-JeALM _d241103 _umohamedma123 _n1 |
||
| 999 |
_c2063 _d2063 |
||